Die Geschichte des Ungarndeutschtums zwischen 1919- 1950, mit besonderer Rücksicht auf Großmanok

Elmentve itt :
Bibliográfiai részletek
Szerző: Töpfner Tímea
További közreműködők: Bassola Péter (Témavezető)
Dokumentumtípus: Szakdolgozat
Megjelent: 2004
Tárgyszavak:
Online Access:http://diploma.bibl.u-szeged.hu/145123
LEADER 00804nta a2200193 i 4500
001 dipl145123
005 20250401111641.0
008 250401s2004 hu om 000 ger d
040 |a SZTE Diploma Repozitórium  |b hun 
041 |a ger 
100 1 |a Töpfner Tímea 
245 1 4 |a Die Geschichte des Ungarndeutschtums zwischen 1919- 1950, mit besonderer Rücksicht auf Großmanok  |h [elektronikus dokumentum] /  |c Tímea Töpfner 
260 |c 2004 
650 4 |a Bölcsészettudományok 
650 4 |a History and archaeology 
650 4 |a Languages and Literature 
700 0 1 |a Bassola Péter  |e ths 
856 4 0 |u https://diploma.bibl.u-szeged.hu/id/eprint/145123/1/2004_topfner_timea.pdf  |z Dokumentum-elérés  
856 4 0 |u https://diploma.bibl.u-szeged.hu/id/eprint/145123/2/2004_topfner_timea_biralat.pdf  |z Dokumentum-elérés